[Event "Vasteras op"]
[Site "Vasteras"]
[Date "2016.09.24"]
[Round "6"]
[White "Kukk, Raul"]
[Black "Johannesson, Oliver Aron"]
[Result "0-1"]
[WhiteElo "2030"]
[BlackElo "2255"]
[PlyCount "88"]
[EventDate "2016.09.23"]
[EventType "swiss"]
[EventRounds "8"]
[EventCountry "SWE"]
[SourceTitle "CBM 174 Extra"]
[Source "ChessBase"]
[SourceDate "2016.10.10"]
[SourceVersion "1"]
[SourceVersionDate "2016.10.10"]
[SourceQuality "1"]

1. d4 Nf6 2. Nf3 b6 3. g3 Bb7 4. Bg2 g6 5. 0-0 Bg7 6. c4 0-0 7. Nc3 Ne4 8. Bd2 c5 9. d5 Nxc3 10. Bxc3 Bxc3 11. bxc3 d6 12. Nd2 Nd7 13. f4 Kg7 14. e4 e5 15. dxe6 fxe6 16. Qe2 Qe7 17. Rae1 e5 18. Rf2 exf4 19. gxf4 Rae8 20. Rff1 Rf7 21. Qe3 Ref8 22. Bh3 Re8 23. Nf3 h6 24. Nd2 Kh7 25. Bg2 Nf6 26. e5 Bxg2 27. Kxg2 dxe5 28. fxe5 Nh5 29. Rxf7+ Qxf7 30. Rf1 Qe6 31. Re1 Rf8 32. Rf1 Qg4+ 33. Kh1 Rxf1+ 34. Nxf1 Qxc4 35. Ng3 Qf4 36. Qxf4 Nxf4 37. Ne4 Kg7 38. Nd6 Nd5 39. c4 Nb4 40. Kg2 Nc6 41. Kf3 Nxe5+ 42. Ke4 Kf6 43. Kd5 Nf3 44. h3 Nd4 0-1